| 000 | 00380nam a2200157Ia 4500 | ||
|---|---|---|---|
| 008 | 230711s9999||||xx |||||||||||||| ||und|| | ||
| 041 | _aENG | ||
| 082 |
_a658 _bKR-M |
||
| 100 | _aKrishna,G | ||
| 245 | 0 | _aMaterial management | |
| 250 | _a1st | ||
| 260 |
_c1988 _aNew Delhi _bTata McGraw Hill Education Limited |
||
| 300 | _a301 | ||
| 650 | _aMechanical Engineering | ||
| 942 | _cBK | ||
| 999 |
_c1926 _d1926 |
||